[Event "Philadelphia Open"]
[Site "Philadelphia"]
[Date "2013.03.30"]
[Round "7"]
[White "Helfst, Matt"]
[Black "Most, Eric"]
[Result "1-0"]
[WhiteElo "2012"]
[BlackElo "2167"]
[PlyCount "95"]
[EventDate "2013.03.??"]
[EventType "swiss"]
[EventRounds "9"]
[EventCountry "USA"]
[Source "MonRoi"]

1. Nf3 g6 2. c4 Nf6 3. b4 Bg7 4. Bb2 O-O 5. g3 d5 6. cxd5 Qxd5 7. Bg2 Qd6 8. a3
a5 9. b5 Qb6 10. Nc3 Ne4 11. Nxe4 Bxb2 12. Ra2 Bg7 13. a4 e5 14. Qc2 h6 15. Nc5
Bf5 16. d3 Nd7 17. Nxd7 Bxd7 18. Nd2 c6 19. bxc6 bxc6 20. O-O Rab8 21. Nc4 Qc7
22. Rc1 Rb4 23. Ne3 Rc8 24. Qd2 Qd8 25. Nc2 Rbb8 26. Ne3 h5 27. Nc4 Be6 28.
Rac2 Rb4 29. Nb2 Bd5 30. Bxd5 Qxd5 31. Rc5 Qd4 32. R5c2 h4 33. e3 Qd5 34. Rc5
Qf3 35. Qd1 Qxd1+ 36. Nxd1 Rxa4 37. Nc3 Ra3 38. gxh4 Rd8 39. Rxc6 Rxd3 40. Rc8+
Bf8 41. Ne4 f5 42. Ng5 Rd6 43. Re8 Ra4 44. Rcc8 Rf6 45. Ne6 Rxe6 46. Rxe6 Kf7
47. Ra6 Kg7 48. Ra7+ 1-0

[Event "Philadelphia Open"]
[Site "Philadelphia"]
[Date "2013.03.30"]
[Round "7"]
[White "Strenzwilk, Denis"]
[Black "Ebrahim Shirazi, Behrooz"]
[Result "0-1"]
[WhiteElo "2202"]
[BlackElo "2070"]
[PlyCount "80"]
[EventDate "2013.03.??"]
[EventType "swiss"]
[EventRounds "9"]
[EventCountry "USA"]
[Source "MonRoi"]

1. e4 e6 2. d4 d5 3. Nc3 Bb4 4. e5 Qd7 5. Qg4 f5 6. Qh5+ g6 7. Qd1 b6 8. a3
Bxc3+ 9. bxc3 Ba6 10. Bxa6 Nxa6 11. Qd3 Qa4 12. Nh3 h6 13. Nf4 Kf7 14. h4 Ne7
15. Bd2 c5 16. Kd1 Rac8 17. h5 g5 18. Ng6 Nxg6 19. hxg6+ Kxg6 20. g4 cxd4 21.
gxf5+ exf5 22. Qf3 d3 23. Qxd5 dxc2+ 24. Kc1 Qc6 25. Qxc6+ Rxc6 26. Kxc2 Nc5
27. f3 f4 28. Rae1 Kf5 29. Re2 h5 30. Reh2 h4 31. Rg1 Rh5 32. Re1 Re6 33. Rhe2
Nd7 34. Re4 Rxe5 35. Rd4 Rxe1 36. Bxe1 h3 37. Rxd7 h2 38. Bf2 h1=Q 39. Bd4 Qxf3
40. Rf7+ Kg4 0-1

[Event "Philadelphia Open"]
[Site "Philadelphia"]
[Date "2013.03.30"]
[Round "7"]
[White "Ulrich, Thomas"]
[Black "Checa, Nicolas De"]
[Result "1/2-1/2"]
[WhiteElo "2239"]
[BlackElo "2032"]
[PlyCount "175"]
[EventDate "2013.03.??"]
[EventType "swiss"]
[EventRounds "9"]
[EventCountry "USA"]
[Source "MonRoi"]

1. d4 d5 2. c4 c6 3. Nf3 Nf6 4. Nc3 dxc4 5. a4 Bf5 6. Ne5 Nbd7 7. Nxc4 e6 8. f3
Bb4 9. Kf2 O-O 10. e4 Bxc3 11. bxc3 Bxe4 12. fxe4 Nxe4+ 13. Kg1 Nxc3 14. Qd3
Nxa4 15. Rxa4 b5 16. Ra3 bxc4 17. Qxc4 Nb6 18. Qc5 Qd7 19. Be2 Rfd8 20. Kf2
Qxd4+ 21. Qxd4 Rxd4 22. Be3 Rdd8 23. Rc1 Nd5 24. Bxa7 Rdc8 25. Bc5 Rxa3 26.
Bxa3 f6 27. Ba6 Rb8 28. Rxc6 Kf7 29. Bc4 Ra8 30. Bxd5 exd5 31. Bc1 Rd8 32. Ke3
Re8+ 33. Kf3 Rd8 34. Bf4 Ra8 35. Rd6 Ra5 36. Rd7+ Kg6 37. h4 h6 38. g3 Ra3+ 39.
Kf2 Ra2+ 40. Ke3 Ra3+ 41. Kd4 Ra1 42. Bd6 Ra8 43. Kxd5 Re8 44. Ra7 Kh7 45. Re7
Ra8 46. Ke4 Ra4+ 47. Kf3 Ra6 48. Rd7 Kg8 49. h5 Ra4 50. Bf4 Ra3+ 51. Ke4 Kh7
52. g4 Ra4+ 53. Rd4 Ra5 54. Rd5 Ra4+ 55. Kf5 Ra1 56. Rd4 Ra6 57. Bd6 Ra5+ 58.
Ke6 Ra7 59. Be7 Ra6+ 60. Kf7 Ra7 61. Rc4 Rb7 62. Rc8 Ra7 63. Rc4 Rb7 64. Ra4
Rc7 65. Ke8 Kg8 66. Bd6 Rb7 67. Re4 Ra7 68. Kd8 Kh7 69. Be7 Kg8 70. Ke8 Rc7 71.
Bd8 Ra7 72. Rb4 Kh8 73. Kf8 Rd7 74. Be7 Kh7 75. Re4 Ra7 76. Bxf6 Ra8+ 77. Re8
Ra4 78. Re7 Ra8+ 79. Re8 Ra4 80. g5 hxg5 81. Bxg5 Ra5 82. Be3 Rxh5 83. Re6 Rb5
84. Ke7 Rb7+ 85. Kd6 Rf7 86. Ke5 Rf6 87. Re7 Kg8 88. Bd4 1/2-1/2

[Event "Philadelphia Open"]
[Site "Philadelphia"]
[Date "2013.03.31"]
[Round "8"]
[White "Panchanathan, Magesh Chandran"]
[Black "Hambleton, Aman"]
[Result "1-0"]
[WhiteElo "2579"]
[BlackElo "2495"]
[PlyCount "79"]
[EventDate "2013.03.??"]
[EventType "swiss"]
[EventRounds "9"]
[EventCountry "USA"]
[Source "MonRoi"]

1. e4 e6 2. d4 d5 3. Nd2 h6 4. c3 c5 5. exd5 exd5 6. Ngf3 Nf6 7. Bb5+ Bd7 8.
Qe2+ Be7 9. dxc5 O-O 10. Nb3 Re8 11. Be3 a6 12. Bd3 Ba4 13. Nfd4 Nbd7 14. O-O
Nxc5 15. Nxc5 Bxc5 16. Qf3 Ne4 17. Rfe1 Qb6 18. Re2 Bd7 19. Rae1 Qg6 20. h3 Re5
21. Bf4 Bxd4 22. cxd4 Ree8 23. Be5 Ng5 24. Qg3 Bf5 25. Bxf5 Qxf5 26. h4 Ne6 27.
Bxg7 Kh7 28. Be5 f6 29. Qb3 fxe5 30. Rxe5 Qf6 31. Rxe6 Rxe6 32. Qxb7+ Kg6 33.
Rxe6 Qxe6 34. Qxa8 Qe1+ 35. Kh2 Qxf2 36. Qg8+ Kh5 37. Qxd5+ Kxh4 38. Qe4+ Kg5
39. Qe5+ Kg6 40. Qg3+ 1-0

[Event "Philadelphia Open"]
[Site "Philadelphia"]
[Date "2013.03.31"]
[Round "8"]
[White "Yang, Darwin"]
[Black "Shabalov, Alexander"]
[Result "1/2-1/2"]
[WhiteElo "2486"]
[BlackElo "2550"]
[PlyCount "79"]
[EventDate "2013.03.??"]
[EventType "swiss"]
[EventRounds "9"]
[EventCountry "USA"]
[Source "MonRoi"]

1. d4 Nf6 2. c4 e6 3. Nc3 Bb4 4. e3 O-O 5. Nge2 Re8 6. a3 Bf8 7. Ng3 d5 8. Be2
dxc4 9. O-O b6 10. Bxc4 Bb7 11. e4 c5 12. Bb5 Nfd7 13. Be3 a6 14. Be2 cxd4 15.
Bxd4 Nc6 16. Be3 Qc7 17. b4 Rac8 18. Rc1 Red8 19. Qb3 a5 20. Na4 axb4 21. axb4
Qd6 22. Nxb6 Nxb6 23. Bxb6 Nd4 24. Bxd4 Qxd4 25. Rxc8 Rxc8 26. b5 g6 27. Rd1
Qb6 28. Qf3 Rc7 29. Qf4 Be7 30. e5 Kg7 31. h4 h6 32. h5 g5 33. Qd2 Qc5 34. Qd4
Qc2 35. b6 Rc3 36. Qd7 Bc5 37. Qxb7 Rxg3 38. Kf1 Qf5 39. Bf3 Qc2 40. Be2
1/2-1/2

[Event "Philadelphia Open"]
[Site "Philadelphia"]
[Date "2013.03.31"]
[Round "8"]
[White "Kreiman, Boris"]
[Black "Fishbein, Alexander"]
[Result "0-1"]
[WhiteElo "2482"]
[BlackElo "2557"]
[PlyCount "80"]
[EventDate "2013.03.??"]
[EventType "swiss"]
[EventRounds "9"]
[EventCountry "USA"]
[Source "MonRoi"]

1. e4 c5 2. Nf3 d6 3. d4 cxd4 4. Nxd4 Nf6 5. Nc3 Nc6 6. Bg5 e6 7. Qd2 Be7 8.
O-O-O O-O 9. f4 h6 10. h4 a6 11. Be2 Qb6 12. Nxc6 bxc6 13. e5 dxe5 14. fxe5
hxg5 15. exf6 Bxf6 16. hxg5 Rb8 17. b3 Be5 18. Qd3 Re8 19. Rh4 Qa5 20. Rdh1 Kf8
21. Rc4 Rb4 22. Rxc6 Ke7 23. g6 f5 24. Rd1 Rd4 25. Qh3 Rxd1+ 26. Bxd1 Rd8 27.
Be2 Bd7 28. Rc4 Bb5 29. Qh4+ Bf6 30. Qe1 Bxc4 31. Bxc4 Rd6 32. Kb2 Qe5 33. Qxe5
Bxe5 34. b4 Rd2 35. Bxa6 Rxg2 36. a4 f4 37. a5 Rg3 38. Bd3 f3 39. a6 Bd4 40.
Ka2 f2 0-1

[Event "Philadelphia Open"]
[Site "Philadelphia"]
[Date "2013.03.31"]
[Round "8"]
[White "Pavlovic, Milos"]
[Black "Bora, Safal"]
[Result "1-0"]
[WhiteElo "2482"]
[BlackElo "2140"]
[PlyCount "119"]
[EventDate "2013.03.??"]
[EventType "swiss"]
[EventRounds "9"]
[EventCountry "USA"]
[Source "MonRoi"]

1. e4 e6 2. d4 d5 3. Nc3 Bb4 4. e5 c5 5. Qg4 Ne7 6. dxc5 Nbc6 7. Bd2 Bxc5 8.
Qxg7 Ng6 9. Bb5 Bd7 10. Nh3 Ncxe5 11. Bg5 Qb6 12. Bxd7+ Nxd7 13. Nxd5 exd5 14.
O-O-O f6 15. Rhe1+ Nde5 16. Bxf6 Bf8 17. Rxe5+ Nxe5 18. Qxh8 Nf7 19. Qxh7 Qxf6
20. Rxd5 Bh6+ 21. Kb1 Qe6 22. Qd3 Kf8 23. a3 a6 24. f4 Re8 25. Ng5 Nxg5 26.
fxg5 Bg7 27. g6 Kg8 28. Rd6 Qe5 29. Qb3+ Kh8 30. Qh3+ Kg8 31. Qb3+ Kh8 32. Rd3
Re6 33. Rd8+ Re8 34. Qh3+ Kg8 35. Qb3+ Kh8 36. Rd7 Qf5 37. Qf7 Qxf7 38. gxf7
Re1+ 39. Ka2 Rf1 40. Rxb7 Be5 41. Ra7 Bxh2 42. Rxa6 Kg7 43. Ra7 Bg1 44. Rc7
Rxf7 45. Rxf7+ Kxf7 46. Kb3 Ke6 47. Kc4 Be3 48. b4 Kd6 49. Kb5 Kc7 50. c4 Kb7
51. c5 Bf2 52. g4 Be3 53. a4 Bd2 54. Kc4 Be3 55. b5 Bd2 56. Kd5 Kc7 57. b6+ Kb7
58. Kd6 Bf4+ 59. Kd7 Ka6 60. Kc8 1-0

[Event "Philadelphia Open"]
[Site "Philadelphia"]
[Date "2013.03.31"]
[Round "8"]
[White "Homa, Seth"]
[Black "Cheng, Bindi"]
[Result "0-1"]
[WhiteElo "2307"]
[BlackElo "2409"]
[PlyCount "88"]
[EventDate "2013.03.??"]
[EventType "swiss"]
[EventRounds "9"]
[EventCountry "USA"]
[Source "MonRoi"]

1. e4 c5 2. c3 d5 3. exd5 Qxd5 4. d4 g6 5. Nf3 Bg7 6. dxc5 Qxc5 7. Be3 Qa5 8.
Qb3 Nf6 9. Qb5+ Qxb5 10. Bxb5+ Nbd7 11. Bd4 O-O 12. O-O a6 13. Ba4 Nd5 14. Bxg7
Kxg7 15. Bxd7 Bxd7 16. Rd1 Nb6 17. c4 Bg4 18. b3 Bxf3 19. gxf3 Rfd8 20. Nc3 Nd7
21. Re1 e6 22. Rad1 Nc5 23. Re5 b6 24. Re3 Rxd1+ 25. Nxd1 Rd8 26. Nc3 a5 27.
Kg2 f5 28. f4 Kf7 29. Kf3 h6 30. h4 Rd4 31. a3 Nxb3 32. Nb5 Nd2+ 33. Ke2 Rd7
34. Rd3 Rxd3 35. Kxd3 Nf3 36. Nd6+ Ke7 37. c5 bxc5 38. Nb7 Nxh4 39. Ke3 Ng2+
40. Kf3 Ne1+ 41. Ke2 Nc2 42. a4 Nd4+ 43. Kd3 Nc6 44. Nxc5 Kd6 0-1

[Event "Philadelphia Open"]
[Site "Philadelphia"]
[Date "2013.03.31"]
[Round "8"]
[White "Jayakumar, Adarsh"]
[Black "Mandiza, Farai"]
[Result "1-0"]
[WhiteElo "2294"]
[BlackElo "2441"]
[PlyCount "75"]
[EventDate "2013.03.??"]
[EventType "swiss"]
[EventRounds "9"]
[EventCountry "USA"]
[Source "MonRoi"]

1. d4 Nf6 2. c4 e6 3. g3 Bb4+ 4. Bd2 Qe7 5. Bg2 Nc6 6. Nf3 Bxd2+ 7. Nbxd2 d6 8.
O-O e5 9. e3 O-O 10. Qc2 a5 11. a3 Re8 12. d5 Nb8 13. b4 c6 14. dxc6 Nxc6 15.
Qb2 h6 16. Nb3 Be6 17. b5 Nb8 18. Nfd2 a4 19. Nc1 Qc7 20. Nd3 Nbd7 21. Rac1 Bg4
22. Ne4 Nxe4 23. Bxe4 Be6 24. Qc2 Rec8 25. Qd2 Qb6 26. Qb4 f5 27. Bd5 Bxd5 28.
cxd5 Rxc1 29. Rxc1 Ra5 30. Qc4 Qxb5 31. Qc8+ Nf8 32. Qd8 Kh7 33. Nb4 Nd7 34.
Rc7 Qe2 35. Qxd7 Qg4 36. Qxd6 Qd1+ 37. Kg2 e4 38. Qf4 1-0

[Event "Philadelphia Open"]
[Site "Philadelphia"]
[Date "2013.03.31"]
[Round "8"]
[White "Abrahamyan, Tatev"]
[Black "Hua, David"]
[Result "1-0"]
[WhiteElo "2300"]
[BlackElo "2256"]
[PlyCount "61"]
[EventDate "2013.03.??"]
[EventType "swiss"]
[EventRounds "9"]
[EventCountry "USA"]
[Source "MonRoi"]

1. e4 c5 2. Nf3 e6 3. d4 cxd4 4. Nxd4 a6 5. Nc3 Qc7 6. Bd3 b5 7. O-O Bb7 8. Qe2
Nf6 9. e5 Nd5 10. Nxd5 Bxd5 11. Bf4 Nc6 12. Nxc6 Qxc6 13. f3 Bc5+ 14. Kh1 Qb7
15. Qe1 Be7 16. Qg3 g5 17. Be3 h5 18. Rac1 g4 19. fxg4 hxg4 20. Qxg4 O-O-O 21.
c4 Bxg2+ 22. Qxg2 Qxg2+ 23. Kxg2 Rdg8+ 24. Kf3 Rh3+ 25. Ke4 Rg4+ 26. Rf4 Rxf4+
27. Bxf4 bxc4 28. Bxc4 Kb7 29. Bf1 Rh4 30. Kf3 Bf8 31. Rc3 1-0

[Event "Philadelphia Open"]
[Site "Philadelphia"]
[Date "2013.03.31"]
[Round "8"]
[White "Schut, Lisa"]
[Black "Barnett, Alex"]
[Result "1/2-1/2"]
[WhiteElo "2289"]
[BlackElo "2214"]
[PlyCount "110"]
[EventDate "2013.03.??"]
[EventType "swiss"]
[EventRounds "9"]
[EventCountry "USA"]
[Source "MonRoi"]

1. e4 c6 2. d4 g6 3. Nc3 Bg7 4. Nf3 d6 5. Be3 b5 6. Qd2 Nd7 7. Bd3 Bb7 8. Ne2
a6 9. h3 c5 10. c3 Qc7 11. O-O Ngf6 12. Ng3 O-O 13. Bh6 e6 14. Rfe1 e5 15. d5
c4 16. Bc2 Bc8 17. Nh4 Ne8 18. a4 Rb8 19. axb5 axb5 20. Ra3 Qd8 21. Nf3 Nc5 22.
Rea1 Nf6 23. Ra8 Rxa8 24. Rxa8 Nfd7 25. Rxc8 Qxc8 26. Nf5 Bf6 27. Bxf8 Qxf8 28.
Nh6+ Kh8 29. Ng4 Bg7 30. Qc1 h5 31. Ne3 Bh6 32. g4 hxg4 33. hxg4 Bf4 34. Qa1
Bxe3 35. fxe3 Qh6 36. g5 Qh3 37. Kf2 f5 38. Qb1 Nxe4+ 39. Bxe4 fxe4 40. Qxe4
Nc5 41. Qh4+ Qxh4+ 42. Nxh4 Kg7 43. Ke2 Na4 44. Nf3 Nb6 45. e4 Na4 46. Nd2 Nxb2
47. Nb1 Na4 48. Kd2 Nc5 49. Ke3 Na6 50. Na3 Nc7 51. Nc2 Kf7 52. Nb4 Ke8 53. Nc6
Na6 54. Kd2 Kd7 55. Ke3 Ke8 1/2-1/2

[Event "Philadelphia Open"]
[Site "Philadelphia"]
[Date "2013.03.31"]
[Round "8"]
[White "Checa, Nicolas De"]
[Black "Defibaugh, Jared"]
[Result "0-1"]
[WhiteElo "2032"]
[BlackElo "2287"]
[PlyCount "72"]
[EventDate "2013.03.??"]
[EventType "swiss"]
[EventRounds "9"]
[EventCountry "USA"]
[Source "MonRoi"]

1. d4 Nf6 2. c4 g6 3. Nc3 d5 4. Nf3 Bg7 5. Qb3 dxc4 6. Qxc4 O-O 7. e4 Nc6 8.
Be2 Bg4 9. Be3 Bxf3 10. gxf3 e5 11. d5 Nd4 12. Nb5 Nh5 13. Nxd4 exd4 14. Bxd4
c6 15. d6 Qxd6 16. Bc5 Qe5 17. Bxf8 Rxf8 18. Qc2 Bh6 19. Bc4 Qg5 20. Bf1 Rd8
21. Rd1 Qa5+ 22. Qc3 Rxd1+ 23. Kxd1 Qxa2 24. Kc2 Qa4+ 25. b3 Qa3 26. b4 Qc1+
27. Kb3 Qd1+ 28. Ka3 Bg7 29. e5 Bxe5 30. Qxe5 Qxf3+ 31. Qe3 Qxh1 32. Bc4 Nf6
33. Qxa7 Qa1+ 34. Ba2 Qc3+ 35. Bb3 Nd5 36. Qxb7 Qc1+ 0-1

[Event "Philadelphia Open"]
[Site "Philadelphia"]
[Date "2013.03.31"]
[Round "8"]
[White "Chandra, Akshat"]
[Black "Vibbert, Sean"]
[Result "1-0"]
[WhiteElo "2265"]
[BlackElo "2235"]
[PlyCount "137"]
[EventDate "2013.03.??"]
[EventType "swiss"]
[EventRounds "9"]
[EventCountry "USA"]
[Source "MonRoi"]

1. e4 c5 2. Nf3 Nc6 3. d4 cxd4 4. Nxd4 Nf6 5. Nc3 d6 6. Bg5 e6 7. Qd2 a6 8.
O-O-O Bd7 9. f3 Be7 10. Be3 h5 11. Kb1 Rc8 12. h3 Ne5 13. f4 Ng6 14. Nf3 Rxc3
15. Qxc3 Nxe4 16. Qe1 Nh4 17. Bd4 Bc6 18. Nd2 Nxd2+ 19. Rxd2 Nf5 20. Bf2 Qa5
21. c3 Qa4 22. c4 d5 23. cxd5 Bxd5 24. Rxd5 exd5 25. Bd3 Nd6 26. Qe5 Ne4 27.
Bb6 Qd7 28. Rc1 O-O 29. Rc7 Qa4 30. Bxe4 Bf6 31. Qxd5 Qb4 32. Rc2 Qxb6 33. Qxb7
Qe3 34. a3 Qxf4 35. Bf3 Qe5 36. Qxa6 g6 37. Ka2 Kg7 38. Re2 Qd4 39. Qb5 Rd8 40.
Rc2 Qa7 41. Qb7 Qe3 42. Bd5 Qe8 43. Bb3 Rb8 44. Qc6 Qe5 45. Qc7 Qe8 46. Qc6 Qe5
47. Qc5 Qe8 48. Qd5 Rd8 49. Qf3 Qe7 50. Re2 Qc7 51. Rc2 Qe7 52. Re2 Qc7 53. Rf2
Qd6 54. g4 hxg4 55. hxg4 Rd7 56. Qh3 Be5 57. g5 Qd4 58. Qh6+ Kg8 59. Qxg6+ Bg7
60. Bxf7+ Kf8 61. Qf5 Ke7 62. Re2+ Kd8 63. Re8+ Kc7 64. Qa5+ Kc6 65. Re6+ Kb7
66. Qa6+ Kc7 67. Rc6+ Kd8 68. Qc8+ Ke7 69. Qe8# 1-0

[Event "Philadelphia Open"]
[Site "Philadelphia"]
[Date "2013.03.31"]
[Round "8"]
[White "Song, Michael"]
[Black "Harriott, Tyrell"]
[Result "1-0"]
[WhiteElo "2189"]
[BlackElo "2249"]
[PlyCount "114"]
[EventDate "2013.03.??"]
[EventType "swiss"]
[EventRounds "9"]
[EventCountry "USA"]
[Source "MonRoi"]

1. d4 d6 2. Nf3 Nf6 3. c4 Nbd7 4. Nc3 e5 5. g3 Be7 6. Bg2 O-O 7. O-O Re8 8. e4
c6 9. h3 Qc7 10. Re1 Nf8 11. Be3 Ng6 12. Qc2 h6 13. d5 c5 14. Rab1 Nh7 15. Kh2
Ng5 16. Ng1 Nh7 17. b4 b6 18. bxc5 bxc5 19. Qa4 Bd7 20. Nb5 Qb6 21. Qa3 Reb8
22. Rb3 f5 23. exf5 Bxf5 24. Bd2 Bd8 25. Nd4 exd4 26. Rxb6 axb6 27. Qb3 Nf6 28.
g4 Bd7 29. Qc2 Kf7 30. f4 Nh4 31. Bf1 Ra3 32. g5 Ng8 33. Bd3 Rba8 34. Ra1 Ne7
35. gxh6 gxh6 36. Bc1 R3a7 37. a3 Nef5 38. Qe2 Bf6 39. Qh5+ Ke7 40. Ra2 Rg8 41.
Re2+ Kf8 42. Nf3 Nxf3+ 43. Qxf3 Ng3 44. Rg2 Bh4 45. f5 Be8 46. Bxh6+ Kf7 47.
Bf4 Rxa3 48. Bxg3 Bxg3+ 49. Rxg3 Ra2+ 50. Kg1 Ra1+ 51. Bf1 Rxg3+ 52. Qxg3 Ke7
53. Qg7+ Kd8 54. f6 d3 55. Qe7+ Kc8 56. Qxe8+ Kb7 57. Qc6+ Ka7 1-0

[Event "Philadelphia Open"]
[Site "Philadelphia"]
[Date "2013.03.31"]
[Round "8"]
[White "Balakrishnan, Praveen"]
[Black "Zenyuk, Iryna"]
[Result "0-1"]
[WhiteElo "2026"]
[BlackElo "2263"]
[PlyCount "50"]
[EventDate "2013.03.??"]
[EventType "swiss"]
[EventRounds "9"]
[EventCountry "USA"]
[Source "MonRoi"]

1. e4 c5 2. Nf3 Nc6 3. Bb5 g6 4. Bxc6 dxc6 5. c3 Nf6 6. Qe2 Bg7 7. O-O Bg4 8.
Rd1 e5 9. d3 Nd7 10. Nbd2 O-O 11. h3 Bxf3 12. Nxf3 Re8 13. d4 cxd4 14. cxd4
exd4 15. Nxd4 Qe7 16. f3 Nb6 17. a4 a5 18. Be3 Qb4 19. b3 Rad8 20. Qf2 c5 21.
Nc2 Rxd1+ 22. Rxd1 Qxb3 23. Bxc5 Nxa4 24. Bd4 Rd8 25. Rd2 Qxc2 0-1

[Event "Philadelphia Open"]
[Site "Philadelphia"]
[Date "2013.03.31"]
[Round "8"]
[White "Melekhina, Alisa"]
[Black "Patil, Anuprita"]
[Result "1-0"]
[WhiteElo "2211"]
[BlackElo "2079"]
[PlyCount "71"]
[EventDate "2013.03.??"]
[EventType "swiss"]
[EventRounds "9"]
[EventCountry "USA"]
[Source "MonRoi"]

1. e4 c5 2. Nf3 e6 3. c3 Nf6 4. e5 Nd5 5. d4 cxd4 6. cxd4 d6 7. Bc4 Nc6 8. O-O
Be7 9. Qe2 O-O 10. Nc3 Nxc3 11. bxc3 Qc7 12. Bd3 g6 13. h4 b6 14. Bg5 Bb7 15.
Qe3 dxe5 16. dxe5 Na5 17. Bf6 Rfd8 18. Rac1 Rdc8 19. h5 Bxf3 20. gxf3 Qc5 21.
hxg6 hxg6 22. Qh6 Bxf6 23. exf6 Qf8 24. Qh4 Rc5 25. Kg2 Rh5 26. Qg4 Qc5 27. Qf4
Rd8 28. Be4 Nc4 29. Rfd1 Re8 30. Rh1 Rg5+ 31. Kf1 Nd6 32. Rh6 Qc4+ 33. Ke1 Rg1+
34. Kd2 Nxe4+ 35. Ke3 Rxc1 36. Rh8+ 1-0

[Event "Philadelphia Open"]
[Site "Philadelphia"]
[Date "2013.03.31"]
[Round "8"]
[White "Chan, James"]
[Black "Strenzwilk, Denis"]
[Result "1/2-1/2"]
[WhiteElo "2027"]
[BlackElo "2202"]
[PlyCount "97"]
[EventDate "2013.03.??"]
[EventType "swiss"]
[EventRounds "9"]
[EventCountry "USA"]
[Source "MonRoi"]

1. e4 c5 2. Nf3 Nc6 3. d4 cxd4 4. Nxd4 e5 5. Nb5 d6 6. c4 Be6 7. Be2 Be7 8. O-O
Nf6 9. N1c3 a6 10. Na3 Nd4 11. Nc2 Nxe2+ 12. Qxe2 O-O 13. Ne3 Rc8 14. Bd2 g6
15. Rac1 Nh5 16. Ned5 Bg5 17. b3 f5 18. exf5 Bxf5 19. Rcd1 Be6 20. Bxg5 Qxg5
21. Ne4 Qd8 22. Nxd6 Bxd5 23. Nxc8 Qxc8 24. cxd5 Nf4 25. Qe3 Qg4 26. g3 Nh3+
27. Kg2 Nxf2 28. Rd2 Qh3+ 29. Kg1 Qxf1+ 30. Kxf1 Ng4+ 31. Ke2 Nxe3 32. Kxe3 Re8
33. Ke4 Kf7 34. Rf2+ Ke7 35. Kxe5 Kd7+ 36. Kd4 Re1 37. Rf7+ Kd6 38. Rxb7 Rd1+
39. Kc4 Rc1+ 40. Kb4 Rc2 41. h4 Rxa2 42. Rxh7 a5+ 43. Kc4 Rc2+ 44. Kb5 Rc3 45.
g4 Rxb3+ 46. Kxa5 Kc5 47. Ka4 Rb4+ 48. Ka3 Rxg4 49. h5 1/2-1/2

[Event "Philadelphia Open"]
[Site "Philadelphia"]
[Date "2013.03.31"]
[Round "9"]
[White "Panchanathan, Magesh Chandran"]
[Black "Corrales Jimenez, Fidel"]
[Result "1/2-1/2"]
[WhiteElo "2579"]
[BlackElo "2601"]
[PlyCount "51"]
[EventDate "2013.03.??"]
[EventType "swiss"]
[EventRounds "9"]
[EventCountry "USA"]
[Source "MonRoi"]

1. e4 c5 2. Nf3 d6 3. d4 cxd4 4. Nxd4 Nf6 5. Nc3 a6 6. Be2 e5 7. Nb3 Be7 8. O-O
O-O 9. Kh1 Nc6 10. f4 b5 11. Bf3 Na5 12. Nxa5 Qxa5 13. a3 Bb7 14. Be3 Rac8 15.
Qd2 Qc7 16. Bf2 exf4 17. Qxf4 Nd7 18. Rad1 Ne5 19. Bd4 Bf6 20. Qg3 Qe7 21. Be2
g6 22. Qf4 Bg7 23. Qd2 Bc6 24. Be3 Qb7 25. Rf4 Rcd8 26. Bf1 1/2-1/2

[Event "Philadelphia Open"]
[Site "Philadelphia"]
[Date "2013.03.31"]
[Round "9"]
[White "Fishbein, Alexander"]
[Black "Naroditsky, Daniel"]
[Result "1/2-1/2"]
[WhiteElo "2557"]
[BlackElo "2472"]
[PlyCount "39"]
[EventDate "2013.03.??"]
[EventType "swiss"]
[EventRounds "9"]
[EventCountry "USA"]
[Source "MonRoi"]

1. e4 c5 2. Nf3 d6 3. d4 cxd4 4. Nxd4 Nf6 5. Nc3 a6 6. Be2 e5 7. Nb3 Be7 8. O-O
O-O 9. Re1 Be6 10. Bf1 Nbd7 11. Nd5 Nxd5 12. exd5 Bf5 13. a4 Bg6 14. c3 Bg5 15.
Bxg5 Qxg5 16. Qd2 Qd8 17. c4 e4 18. Rac1 Ne5 19. c5 dxc5 20. Rxc5 1/2-1/2

[Event "Philadelphia Open"]
[Site "Philadelphia"]
[Date "2013.03.31"]
[Round "9"]
[White "Kekelidze, Mikheil"]
[Black "Lenderman, Alex"]
[Result "1-0"]
[WhiteElo "2488"]
[BlackElo "2601"]
[PlyCount "53"]
[EventDate "2013.03.??"]
[EventType "swiss"]
[EventRounds "9"]
[EventCountry "USA"]
[Source "MonRoi"]

1. c4 c5 2. g3 g6 3. Bg2 Bg7 4. Nc3 Nc6 5. Nf3 e6 6. d4 cxd4 7. Nb5 d5 8. cxd5
Qa5+ 9. Bd2 Qxb5 10. dxc6 bxc6 11. a4 Qb6 12. a5 Qd8 13. Qc1 Ne7 14. Bh6 Bxh6
15. Qxh6 Nf5 16. Qd2 O-O 17. O-O Rb8 18. Ne5 Bb7 19. Rfc1 Ne7 20. Ra4 Nf5 21.
g4 Nh4 22. Rxd4 Qc7 23. Nd7 Nxg2 24. Kxg2 e5 25. Rd6 Rfd8 26. Rd1 c5+ 27. f3
1-0

[Event "Philadelphia Open"]
[Site "Philadelphia"]
[Date "2013.03.31"]
[Round "9"]
[White "Izoria, Zviad"]
[Black "Yang, Darwin"]
[Result "1/2-1/2"]
[WhiteElo "2583"]
[BlackElo "2486"]
[PlyCount "62"]
[EventDate "2013.03.??"]
[EventType "swiss"]
[EventRounds "9"]
[EventCountry "USA"]
[Source "MonRoi"]

1. e4 e6 2. d4 d5 3. Nc3 dxe4 4. Nxe4 Nd7 5. g4 Ngf6 6. Nxf6+ Nxf6 7. g5 Qd5 8.
Nf3 Qe4+ 9. Qe2 Qxe2+ 10. Bxe2 Nd7 11. Be3 Bd6 12. Nd2 b6 13. Nc4 Bb7 14. Nxd6+
cxd6 15. Rg1 Ke7 16. Kd2 Rac8 17. a4 a5 18. Ra3 g6 19. Rc3 Rxc3 20. Kxc3 f5 21.
gxf6+ Nxf6 22. Kd2 Rf8 23. Bg5 Kd7 24. f3 Nd5 25. Rg4 Rf5 26. h4 Nf6 27. Rf4
Rxf4 28. Bxf4 Nh5 29. Bh2 Ng7 30. Bg3 Nf5 31. Bf2 Kc7 1/2-1/2

[Event "Philadelphia Open"]
[Site "Philadelphia"]
[Date "2013.03.31"]
[Round "9"]
[White "Margvelashvili, Giorgi"]
[Black "Pavlovic, Milos"]
[Result "1/2-1/2"]
[WhiteElo "2565"]
[BlackElo "2482"]
[PlyCount "29"]
[EventDate "2013.03.??"]
[EventType "swiss"]
[EventRounds "9"]
[EventCountry "USA"]
[Source "MonRoi"]

1. d4 Nf6 2. Nf3 g6 3. g3 d5 4. Bg2 Bg7 5. O-O O-O 6. Nbd2 Bf5 7. c4 c6 8. b3
Ne4 9. Bb2 Nd7 10. Nh4 Nxd2 11. Qxd2 Be6 12. e4 dxe4 13. Bxe4 Bh3 14. Rfe1 Re8
15. Rad1 1/2-1/2

[Event "Philadelphia Open"]
[Site "Philadelphia"]
[Date "2013.03.31"]
[Round "9"]
[White "Hambleton, Aman"]
[Black "Shabalov, Alexander"]
[Result "0-1"]
[WhiteElo "2495"]
[BlackElo "2550"]
[PlyCount "28"]
[EventDate "2013.03.??"]
[EventType "swiss"]
[EventRounds "9"]
[EventCountry "USA"]
[Source "MonRoi"]

1. d4 Nf6 2. c4 g6 3. Nc3 Bg7 4. e4 d6 5. f3 O-O 6. Be3 Nc6 7. Nge2 a6 8. Qd2
Na5 9. Nc1 Nd7 10. Be2 c5 11. O-O cxd4 12. Bxd4 Ne5 13. b3 Nac6 14. Be3 Qa5 0-1

[Event "Philadelphia Open"]
[Site "Philadelphia"]
[Date "2013.03.31"]
[Round "9"]
[White "Cheng, Bindi"]
[Black "Xiong, Jeffery"]
[Result "1/2-1/2"]
[WhiteElo "2409"]
[BlackElo "2330"]
[PlyCount "88"]
[EventDate "2013.03.??"]
[EventType "swiss"]
[EventRounds "9"]
[EventCountry "USA"]
[Source "MonRoi"]

1. d4 Nf6 2. Nf3 e6 3. c4 Bb4+ 4. Bd2 Qe7 5. g3 Nc6 6. Nc3 Bxc3 7. Bxc3 Ne4 8.
Rc1 d6 9. d5 Nxc3 10. Rxc3 Nd8 11. Bg2 O-O 12. O-O e5 13. Nd2 f5 14. c5 Nf7 15.
cxd6 cxd6 16. Qb3 b6 17. Qa3 Bb7 18. Rfc1 Rfc8 19. e4 Rxc3 20. Rxc3 fxe4 21.
Nxe4 Kh8 22. Qb3 Qd7 23. h4 Rc8 24. Kh2 Rxc3 25. Nxc3 Nh6 26. Bh3 Qf7 27. Kg1
Qc7 28. Qa4 Qb8 29. Be6 Ng8 30. Qd7 Nf6 31. Qf7 Ba6 32. g4 Bd3 33. g5 Ng8 34.
Qf3 Bc2 35. Qe2 Bg6 36. h5 Be8 37. Qf3 Qd8 38. Qf8 Qxg5+ 39. Kf1 Qc1+ 40. Kg2
Qg5+ 41. Kf1 Qc1+ 42. Ke2 Bxh5+ 43. f3 Bxf3+ 44. Kf2 Qxb2+ 1/2-1/2